00232nam a22000977a 4500020001500000082001100015100001500026245005200041260003200093300000900125 a8175543345 a370.72 aAndy Green aCreativity in Public Relations. PR in Practice. aNew DelhibKogan pagec2008 a244p